000 00300nam a22001337a 4500
008 170927b xxu||||| |||| 00| 0 eng d
020 _a9780312413149
041 _aeng
080 _25TH
_a37
100 _a47
101 _aEDU
245 _aTHE ST.MARTIN'S HANDBOOK
_cLUNSFORD,A.A
942 _2udc
_cBK
999 _c30218
_d30218